LEADER 01176nam a2200253 i 4500 001 000000224706 003 CaOOAMICUS 005 20231121144329.0 008 131108s1710 it u000 u ita u 026 $avele lei. e.ce vema (3) 1710 (R) 040 $aSeMil$bita 100 1 $aMaffei, Scipione,$d<1675-1755>.$0(OLS)http://semarc/name/6811 245 10$aDella scienza chiamata cavalleresca libri tre. Alla santità di nostro signore papa Clemente undecimo. 260 $aIn Roma :$bPresso Francesco Gonzaga in via Lata,$c1710. 300 $a[8], 505, [7] p. ;$c4°. 500 $aIl nome dell'A. dalla dedica a c. a2r e dalle approvazioni 500 $aSegn.: a4 A-3S4 500 $aIniz. xilogr. ornate 700 1 $aGonzaga, Francesco,$c.$0(OLS)http://semarc/name/40834 850 $aSeMil 852 $aSeMil$W1$xVenegono$y1$m2R V 20 FA$j175052$B175052$CSeMilBibl$Z2$F185018 $8I 996 $6245$aDella scienza chiamata cavalleresca libri tre. Alla santità di nostro signore papa Clemente undecimo$9(OLS)http://semarc/title/322007 996 $6260$aIn Roma :$bPresso Francesco Gonzaga in via Lata$9(OLS)http://semarc/publisher/53399 LEADER 00942nam a2200205 i 4500 001 000000026231 003 CaOOAMICUS 005 20180830125447.0 008 180830s1845 it u000 u ita u 040 $aSeMil$bita 100 1 $aRovani, Giuseppe <1818-1874>.$0(OLS)http://semarc/name/11555 245 10$aManfredo Palavicino, o i francesi e gli Sforzeschi :$bstoria italiana /$craccontata da Giuseppe Rovani. 260 $aMilano :$bBorroni e Scotti,$c1845-1846. 300 $a4 v. ;$c18 cm. 774 0 $aRovani, Giuseppe <1818-1874>$tTomo 1.$g1$w()210704 774 0 $aRovani, Giuseppe <1818-1874>$tTomo 2.$g2$w()210705 774 0 $aRovani, Giuseppe <1818-1874>$tTomo 3.$g3$w()210706 774 0 $aRovani, Giuseppe <1818-1874>$tTomo 4.$g4$w()210707 996 $6245$aManfredo Palavicino, o i francesi e gli Sforzeschi :$bstoria italiana$9(OLS)http://semarc/title/35383 996 $6260$aMilano :$bBorroni e Scotti$9(OLS)http://semarc/publisher/31266